书目信息 |
| 题名: |
世界主要国家审计
|
|
| 作者: | 世界主要国家审计编写组 编 ;本书编委会 著 | |
| 分册: | ||
| 出版信息: | 北京 中国大百科全书出版社 1996.3 |
|
| 页数: | 1365页 | |
| 开本: | 24cm | |
| 丛书名: | ||
| 单 册: | ||
| 中图分类: | F239.21 | |
| 科图分类: | ||
| 主题词: | 审计 | |
| 电子资源: | ||
| ISBN: | 7-5000-5684-2 | |
| 000 | 00813 nam 000253 | |
| 001 | 0100006314 | |
| 005 | 20091117152702.10 | |
| 010 | @a7-5000-5684-2@dCNY248.00 | |
| 100 | @a20090706d2003 em y0chiy0121 ea | |
| 101 | @achi | |
| 102 | @aCN@b110000 | |
| 105 | @ay z 000yy | |
| 106 | @ar | |
| 200 | 10 | @a世界主要国家审计@9shi jie zhu yao guo jia shen ji@f世界主要国家审计编写组编@Fshi jie zhu yao guo jia shen ji bian xie zu bian |
| 210 | @a北京@c中国大百科全书出版社@d1996.3 | |
| 215 | @a1365页@d24cm | |
| 540 | @a世界主要国家审计 | |
| 606 | @a审计 | |
| 690 | @aF239.21@v4 | |
| 701 | 0 | @a世界主要国家审计编写组@Ashi jie zhu yao guo jia shen ji bian xie zu@4编 |
| 711 | 0 | @a本书编委会@9ben shu bian wei hui@4著 |
| 801 | @aCN@bCQULIB@c20091117 | |
| 901 | @a222222 | |
| 905 | @b906391@dF239.21@eS600@f1 | |
| 世界主要国家审计/世界主要国家审计编写组编.-北京:中国大百科全书出版社,1996.3 |
| 1365页;24cm |
| ISBN 7-5000-5684-2:CNY248.00 |
| ● |
| 相关链接 |
|
|
|
正题名:世界主要国家审计
索取号:F239.21/S600
 
预约/预借
| 序号 | 登录号 | 条形码 | 馆藏地/架位号 | 状态 | 备注 |
| 1 | 906391 | 209063911 | 社科库409/422社科库 38排4列3层/ [索取号:F239.21/S600] | 在馆 |